Clonal and seasonal variation in osmotic concentration of latex and lutoid serums of Hevea brasiliensis Muell. Arg (Record no. 55708)

MARC details
000 -LEADER
fixed length control field 00477nam a2200133Ia 4500
100 ## - MAIN ENTRY--AUTHOR NAME
Personal name Satheesan K V
245 #0 - TITLE STATEMENT
Title Clonal and seasonal variation in osmotic concentration of latex and lutoid serums of Hevea brasiliensis Muell. Arg
260 ## - PUBLICATION, DISTRIBUTION, ETC. (IMPRINT)
Name of publisher Proceedings of the Sixth International Congress on Photosynthesis, Brussels, 1983
Year of publication 1983
700 ## - ADDED ENTRY--PERSONAL NAME
Personal name Raghavendra A S
700 ## - ADDED ENTRY--PERSONAL NAME
Personal name Rao G G
700 ## - ADDED ENTRY--PERSONAL NAME
Personal name Sethuraj M R
942 ## - ADDED ENTRY ELEMENTS (KOHA)
Koha item type Journals
Holdings
Withdrawn status Lost status Damaged status Not for loan Home library Current library Shelving location Date acquired Koha item type
      Journals RRII Library RRII Library Physiology 17/12/2021 Journals